| 000 | 00466nam a2200145Ia 4500 | ||
|---|---|---|---|
| 008 | 220216s9999 xx 000 0 und d | ||
| 100 | _aMaspanger D R | ||
| 245 | 0 | _aImplementation of raw coal as alternative fuel for crumb rubber drying | |
| 260 | _bIndonesian Rubber Conference and IRRDB symposiun 2000 Bogor, Indonesia, 12-14 September 2000.p32 | ||
| 650 | _aCrumb rubber drying | ||
| 650 | _aFuel | ||
| 650 | _aRaw coal | ||
| 700 | _aSuprapto S | ||
| 942 | _cJS | ||
| 999 |
_c60800 _d60800 |
||